Online Catalogue and eLibrary

Sri Lankawe aparadha pilibanda vimasumak (Record no. 5095)

MARC details
000 -LEADER
fixed length control field 00427nam a2200157Ia 4500
005 - DATE AND TIME OF LATEST TRANSACTION
control field 20250626013336.0
008 - FIXED-LENGTH DATA ELEMENTS--GENERAL INFORMATION
fixed length control field 240331s9999 xx 000 0 und d
020 ## - INTERNATIONAL STANDARD BOOK NUMBER
ISBN 9559768301
082 ## - DDC Classification
Item Number - Author Mark BAN
Class No. 364
100 ## - MAIN ENTRY--PERSONAL NAME
Personal name Bandara Yapa,L.V
245 #0 - TITLE STATEMENT
Title Sri Lankawe aparadha pilibanda vimasumak
260 ## - PUBLICATION, DISTRIBUTION, ETC.
Place of publication, distribution, etc. Yakkale
Name of publisher, distributor, etc. Lalith Vijitha Khandra Yapa
Date of publication, distribution, etc. 2002
300 ## - PHYSICAL DESCRIPTION
Extent (e.g. Volumes, Pages etc.) 105 p .,
500 ## - GENERAL NOTE
General note A Survey of Crimes in Sri Lanka
942 ## - Koha item type (Biblio)
Koha item type Books in Stacks (Lending)
Holdings
Lost status Damaged status Collection code Home library Current library Shelving location Date acquired Full call number Accession Number Item type
    Lending WERC Library WERC Library Social Science Cupboard 03/31/2024 364 BAN 4930 Books in Stacks (Lending)

© WERC Library